01827nam a2200289 a 4500001001000000003000900010005001700019007000300036008003800039020001500077040003000092082002700122100008400149245009200233260001000325264004100335300002900376336002700405337003300432338002800465500005700493504003200550505085400582650002101436650003801457650004201495000000475DO-SdBPM20260202122444.0ta081124s 2002 dr 000 0 spa d a9993461288 aDO-SdBPMbspacBPMSUdrda 4a370.15bM516p 20022221 a Mejía-Ricart G., Tirso,d1936-2021q(Mejía-Ricart Guzmán)eautor 4aut. 10aPsicología de la educación, los deportes y la recreación /cTirso Mejía Ricart. c2002. aSanto Domingo :bEditora Búho,c22 a264 páginas ;c23 cm. atextobtxt2rdacontent asin mediaciónbn2rdamedia avolumenbnc2rdacarrier aIncluye datos biográficos del autor en las solapas aBibliografía : p. 228-2640 aIntroducción, 13.-- PRIMERA PARTE : APRENDIZAJE Y VIDA SOCIAL / Las bases biosociales del aprendizaje humano, 17.-- El homo sapiens, 17.-- Los motivos del aprendizaje, 24.-- Desarrollo y aprendizaje, 35.-- La conducta aprendida, 61.-- Aprendizaje simbólico y vida social, 83.-- Conducta social y aprendizaje, 97.-- SEGUNDA PARTE : PSICOLOGIA SOCIAL DE LA EDUCACION / Psiolocogia social y educación, 141.-- Las influencias formativas, 147.-- La psicología y la practica educativa, 161.-- La dinámica de grupos y educación, 173.-- El estudio y control psicológico de los grupos, 173.-- TERCERA PARTE : PSICOLOGIA SOCIAL DE LOS DEPORTES Y RECREACIÓN / El deporte y la psicología, 209.-- Evolución y funciones de la practica deportiva, 209.-- Las bases psicológicas de la practica deportiva, 209.-- La psicología de la práctica 7aPsicopedagogía 7aDeportesxAspectos psicológicos 7aRecreaciónxAspectos psicológicos